Quizzes
Events
Quiz Creation
Community
Videos
Private Events
Remove Ads
Sign In
Join for FREE
Feedback
Dark Mode
Quiz Categories
Sports
Geography
Music
Movies
Television
Just For Fun
Miscellaneous
History
Literature
Language
Science
Gaming
Entertainment
Religion
Holiday
For Kids
Quiz Lab
Recent
Popular Today
Quiz Kudos Today
Editor Picks
Curator Picks
Quizzes by...
Day
Popularity
Type
Ratings
Length
Year
Community
Subscriptions
Recent Discussions
Orange Saloon
Badges
Playlists
Quests
Create
Leaderboards
Showdown
Live 5
Trivia Bingo
Activity
Puzzle Library
Sporcle Events
Private Events
Virtual Trivia
Globe League
Become a Host
Pub Owners
SporcleCon
Opinionation
Our Games
Videos
Blog
Mobile Apps
Partnerships
Remove Ads and Go Orange
Feedback
Sports
Athletes
MLB
NBA
NHL
NFL
Soccer
Sports Teams
WWE
NCAA
Football
Premier League
Basketball
Baseball
Hockey
Golf
Tennis
Cricket
Rugby
Auto Racing
Olympics
World Cup
Sports
Athletes
MLB
NBA
NHL
NFL
Soccer
Sports Teams
WWE
NCAA
Football
Premier League
Basketball
Baseball
Hockey
Golf
Tennis
Cricket
Rugby
Auto Racing
Olympics
World Cup
Random Quiz
Search Sporcle
×
Quiz Lab
Quiz Lab
Sports
NCAA
Type in answers that appear in a list
Type in answers that appear in a list
Classic
Best Score? Go Orange.
2009-2010 NCAA Bowl Games Stats
Can you name the Bowl Games for the 2009 season?
By
spensuhh
8m
68 Questions
178 Plays
178 Plays
178 Plays
Comments
Comments
Give Quiz Kudos
Give Quiz Kudos
-
- Ratings
hide this ad
Replay
Link that replays current quiz
Next Quiz
Link to next quiz in quiz playlist
You Got
0%
They Got
Avg Score
74%
Avg Friend Score
Upgrade to see
Score Distribution
Jump to the score distribution portion of the page
Score
0/68
Timer
08:00
0
Plays Today
Bowl Game
% Correct
Citi BCS National Championship
Texas Longhorns
98.3%
Allstate Sugar
Florida Gators
95.5%
Citi BCS National Championship
Alabama Crimson Tide
94.4%
Emerald
USC Trojans
93.8%
Little Caesars
Ohio Bobcats
93.3%
AdvoCare V100 Independence
Georgia Bulldogs
92.7%
Brut Sun
Oklahoma Sooners
92.1%
Rose Bowl Game pres. by Citi
Oregon Ducks
92.1%
FedEx Orange
Iowa Hawkeyes
91.6%
Tostitos Fiesta
Boise State Broncos
89.9%
Tostitos Fiesta
TCU Horned Frogs
89.9%
Capital One
LSU Tigers
88.2%
Rose Bowl Game pres. by Citi
Ohio State Buckeyes
88.2%
Valero Alamo
Texas Tech Red Raiders
88.2%
FedEx Orange
Georgia Tech Yellow Jackets
87.1%
Pacific Life Holiday
Arizona Wildcats
87.1%
Capital One
Penn State Nittany Lions
86.5%
Champs Sports
Miami (FL) Hurricanes
86.5%
Valero Alamo
Michigan State Spartans
86%
Chick-
fil-
A
Tennessee Volunteers
84.8%
EagleBank
UCLA Bruins
84.8%
MAACO Las Vegas
Oregon State Beavers
84.3%
Meineke Car Care
North Carolina Tar Heels
84.3%
AT&T Cotton
Oklahoma State Cowboys
83.7%
Champs Sports
Wisconsin Badgers
83.7%
Konica Minolta Gator
Florida State Seminoles
83.7%
Brut Sun
Stanford Cardinal
82%
Pacific Life Holiday
Nebraska Cornhuskers
82%
Konica Minolta Gator
West Virginia Mountaineers
81.5%
Chick-
fil-
A
Virginia Tech Hokies
80.9%
AT&T Cotton
Mississippi Rebels
80.3%
Papajohns.com
South Carolina Gamecocks
80.3%
AdvoCare V100 Independence
Texas A&M Aggies
79.8%
Gaylord Hotels Music City
Kentucky Wildcats
79.8%
Bowl Game
% Correct
Gaylord Hotels Music City
Clemson Tigers
79.8%
Allstate Sugar
Cincinnati Bearcats
78.7%
S.D. County Credit Union Poinsettia
Utah Utes
78.7%
Texas
Navy Midshipmen
77.5%
AutoZone Liberty
Arkansas Razorbacks
77%
Emerald
Boston College Eagles
76.4%
Outback
Auburn Tigers
75.3%
S.D. County Credit Union Poinsettia
California Golden Bears
75.3%
International
South Florida Bulls
73.6%
MAACO Las Vegas
Brigham Young Cougars
73.6%
Texas
Missouri Tigers
73.6%
Insight
Minnesota Golden Gophers
73%
Outback
Northwestern Wildcats
71.9%
Bell Helicopter Armed Forces
Air Force Falcons
70.2%
Insight
Iowa State Cyclones
69.1%
Sheraton Hawaii
Nevada Wolf Pack
69.1%
St. Petersburg
Rutgers Scarlet Knights
68.5%
Meineke Car Care
Pittsburgh Panthers
68%
Papajohns.com
Connecticut Huskies
65.7%
R+L Carriers New Orleans
Southern Miss Golden Eagles
63.5%
Bell Helicopter Armed Forces
Houston Cougars
62.4%
GMAC
Central Michigan Chippewas
61.8%
New Mexico
Wyoming Cowboys
57.3%
Roady's Humanitarian
Idaho Vandals
56.2%
GMAC
Troy Trojans
55.6%
AutoZone Liberty
East Carolina Pirates
55.1%
New Mexico
Fresno State Bulldogs
52.2%
EagleBank
Temple Owls
50%
St. Petersburg
UCF Knights
50%
Little Caesars
Marshall Thundering Herd
47.8%
International
Northern Illinois Huskies
42.1%
Roady's Humanitarian
Bowling Green Falcons
37.1%
R+L Carriers New Orleans
Middle Tennessee Blue Raiders
36.5%
Sheraton Hawaii
Southern Methodist Mustangs
19.1%
Quiz Playlist
Details
Report
Send in Message
Add To Playlist
Classic:
Type in answers that appear in a list
Last Updated: Feb 16, 2017
Quiz Scoreboard
CHALLENGE
Sign Up to Join the Scoreboard
Show All
Scores
Hide
Comments
May contain spoilers
Recently Published
Decade Duel: World Leaders
by jenniferyan
History
4m
Alphabetical 'K' Countries by Flag Minefield
by ylime102
Geography
3m
Pick 6: Fruits
by JohnFran
Miscellaneous
15s
More to Explore
Quiz From the Vault
Featured Blog Post
15 Basketball Trivia Facts You Can Be March Mad About
hide this ad
You Might Also Like...
Tags
NCAA Quiz
2009
2009-2010
Bowl
Bowl Games
season
Today's Top Quizzes in Sports
Browse Sports
hide this ad
Today's Top Quizzes in NCAA
Browse NCAA
Top Contributed Quizzes in Sports
1
Les joueurs à 100 buts en Ligue 1 Uber Eats
2
Pick 6: NFL Teams
3
2022 World Cup Stars
4
MLB 2 truths and a lie: Hall of Fame pitchers
5
Pick 6: Minor League Baseball
6
Millionaire: NBA Finals Edition
7
Click the 1998 NBA Draft
8
Criteria MLB: Left Handed Sluggers
9
Pick 6: Olympics
10
Pick 6: NFL WRs
Explore More
Trending Topics
Marvel
Crossword
Kpop
Anime
Harry Potter
NBA
Disney
Song
Pokémon
WWE
Soccer
Country
The Office
NFL
Puzzle
hide this ad
More By:
spensuhh
Quiz
Plays
Rating
Category
Featured
Created
ESPN's Top 100 MLB Players of the 2000's
31,377
3.80
Sports
Dec 15, 2009
The Office Trivia (season 2)
2,276
3.14
Television
Dec 13, 2009
Economics Basics
443
2.67
Miscellaneous
Feb 9, 2010
2009-2010 NCAA Bowl Games
178
4.00
Sports
Dec 18, 2009
Ed Helms Filmogoraphy
96
3.60
Movies
Jan 4, 2010
Go to Creator's Profile
Score Distribution
Quiz Creator Spotlight
spensuhh
Follow
Send a Message
Quizzes Created
-
Created Quiz Play Count
-
More By This Creator
Popular Quizzes Today
1
Countries of Asia Without Outlines Minefield
2
Find the US States - No Outlines Minefield
3
Pick 6: Fruits
4
The Countries of the World
5
Alphabetical 'K' Countries by Flag Minefield
6
Find the Countries of Europe - No Outlines Minefield
7
US States
8
Find the US States
More Sports Quizzes
NFL Single-Season Passing Leaders by Franchise
Curator's Pick
Trending Quizzes
Pick 6: Mountains
Pick 6: Harry Potter
Pick 6: Flags
Pick 6: NFL Teams
Pick 6: Movie Franchises
Recently Updated
Adaptations: Name the Title
pecheneg
NWSL Teams
pecheneg
Women's Final Four Teams by Year
bhenderson79
Presidents Quartet II
eogle
Anything But Clue(do)
eogle
Anything But Oceanian Capitals
eogle
Anything But 7
eogle
Anything But Thing
eogle
Word Ladder: February 29
pecheneg
Song Title Questions
pecheneg
Trending Topics
Marvel
Disney
Kpop
Crossword
NBA
Harry Potter
Anime
Country
WWE
The Office
Soccer
Pokémon
NFL
Puzzle
Song
Your Account Isn't Verified!
In order to create a playlist on Sporcle, you need to verify the email address you used during registration. Go to your
Sporcle Settings
to finish the process.
Report this User
Report this user for behavior that violates our
Community Guidelines
.
Details:
Send Report
Go to the Sporcle.com Mobile Site →
Comments